| 000 | 01359nam a2200325Ia 4500 | ||
|---|---|---|---|
| 001 | ebr10380774 | ||
| 003 | CaPaEBR | ||
| 006 | m u | ||
| 007 | cr cn||||||||| | ||
| 008 | 061002s2006 dcu sb i000 0 eng d | ||
| 040 |
_aCaPaEBR _cCaPaEBR |
||
| 035 | _a(OCoLC)698585679 | ||
| 050 | 1 | 4 |
_aHG3928.57 _b.W67 2006eb |
| 100 | 1 | _aWorrell, DeLisle. | |
| 245 | 1 | 2 |
_aA small foreign exchange market with a long-term peg _h[electronic resource] : _bBarbados / _cprepared by DeLisle Worrell, Roland Craigwell, and Travis Mitchell. |
| 260 |
_a[Washington, D.C.] : _bInternational Monetary Fund, IMF Institute, _c2006. |
||
| 300 | _a18 p. | ||
| 490 | 1 |
_aIMF working paper ; _vWP/06/245 |
|
| 500 | _a"October 2006." | ||
| 504 | _aIncludes bibliographical references. | ||
| 533 |
_aElectronic reproduction. _bPalo Alto, Calif. : _cebrary, _d2011. _nAvailable via World Wide Web. _nAccess may be limited to ebrary affiliated libraries. |
||
| 650 | 0 |
_aForeign exchange market _zBarbados. |
|
| 650 | 0 |
_aForeign exchange rates _zBarbados. |
|
| 655 | 7 |
_aElectronic books. _2local |
|
| 700 | 1 | _aCraigwell, Roland. | |
| 700 | 1 | _aMitchell, Travis. | |
| 710 | 2 | _aebrary, Inc. | |
| 830 | 0 |
_aIMF working paper ; _vWP/06/245. |
|
| 856 | 4 | 0 |
_uhttp://site.ebrary.com/lib/rucke/Doc?id=10380774 _zAn electronic book accessible through the World Wide Web; click to view |
| 999 |
_c102773 _d102773 |
||